| 000 | 00498nam a2200133Ia 4500 | ||
|---|---|---|---|
| 005 | 20260209120153.0 | ||
| 008 | 260209s9999||||xx |||||||||||||| ||und|| | ||
| 100 | _aIstuvi Sonkar | ||
| 245 | 0 | _aRestorative justice for juveniles : assessing rehabilitation in heinous offenses | |
| 260 |
_aBangaloreBangalore _bNLSIU, Bangalore _c2024 - 2025 |
||
| 300 | _a41 p. ; 25 cm. | ||
| 700 | _aDr. Noor Ameena - SupervisorDr. Noor Ameena - Supervisor | ||
| 856 | _uhttps://dans.nls.ac.in/handle/123456789/2489 | ||
| 999 |
_c217783 _d217783 |
||